Emoji Quiz #10 - Statistics

General Stats
  • This quiz has been taken 26 times
  • The average score is 19 of 25
Answer Stats
Hint Answer % Correct
🦩 {flamingo}
100%
🦉 {owl}
100%
🐜 {ant}
96%
🐤 baby {chick}
96%
🦇 {bat}
96%
🦋 {butterfly}
96%
🐧 {penguin}
96%
🐌 {snail}
96%
🪶 {feather}
92%
🪰 {fly}
92%
🦚 {peacock}
92%
🪱 {worm}
92%
🐦‍🔥 {phoenix}
79%
🦟 {mosquito}
75%
🪽 {wing}
75%
🪳 {cockroach}
71%
🦤 {dodo}
71%
🪲 {beetle}
67%
🐦‍⬛ {black} bird
67%
🪿 {goose}
67%
🦗 {cricket}
63%
🐦 {bird}
54%
🐝 {honeybee}
38%
🐞 lady {beetle}
29%
🐛 {bug}
21%
No matching quizzes found
Score Distribution
Percent of People with Each Score
Percentile by Number Answered
Your Score History
You have not taken this quiz